Europe by Second Largest City - Statistics

General Stats
  • This quiz has been taken 24 times
  • The average score is 24 of 40
Answers on the Map
Answers color-coded by a green-red scale on the quiz's map according to % correct below.
 
Answer Stats
Answer % Correct
Birmingham
91%
Hamburg
91%
Marseille
91%
Milan
91%
Barcelona
86%
Cork
86%
Krakow
86%
Rotterdam
86%
Bergen
82%
Porto
82%
Saint Petersburg
82%
Geneva
77%
Gothenburg
77%
Split
77%
Thessaloniki
77%
Aarhus
73%
Ghent
68%
Graz
68%
Brno
64%
Cluj-Napoca
59%
Kharkiv
59%
Novi Sad
50%
Durres
45%
Esch-sur-Alzette
45%
Kaunas
45%
Keflavik
45%
Maribor
45%
Plovdiv
45%
Banja Luka
41%
Daugavpils
41%
Espoo
41%
Kosice
41%
Debrecen
36%
Prizren
36%
Tiraspol
36%
Homiel
32%
Tartu
32%
Birkirkara
27%
Kumanovo
23%
Niksic
18%
No matching quizzes found
Score Distribution
Percent of People with Each Score
Percentile by Number Answered
Your Score History
You have not taken this quiz